000 01100nam a22003017a 4500
003 CHAP
005 20220329141031.0
008 971013s1992 r 00010 d
010 _a61586
011 _a62558
035 _a66732
040 _cCHAP
090 _aFolleto 14727
100 0 0 _aGarza Bueno, Laura Elena.
_947012
245 _aNuevas formas de asociación para la producción en el campo mexicano
_b: el proyecto Vaquerías, N. L.
260 _aMontecillo, Méx. :
_bColegio de Postgraduados,
_c1992
300 _a13 h.
500 _aAntepropuestas para presentarse ante la Organización de las Naciones Unidas para la Agricultura y la Alimentación
590 _aBATCH-UPD
_b10
_c20130110
_lUCH01
_h0705
590 _aBATCH-UPD
_b10
_c20130410
_lUCH01
_h0351
590 _aCONVERSION
_b10
_c20130109
_lUCH01
_h1333
650 1 4 _aAgricultura
_xAspectos economicos
_xNuevo Leon.
_91278
650 1 4 _aAgricultura
_xSociedades
_xNuevo Leon.
_91812
790 _aAsociación en participación
901 _aBK
942 _cFOLL
949 _aFolleto 14727
_bBC
_cUACH
_d-151954
_eUACH
_i66732
_si
999 _c61586
_d61586